000 01221nam a22002657a 4500
005 20170124103044.0
010 _aB-145076
020 _c200.00
_a8179320308
035 _aB-145076
037 _bCen Lib/Ret
040 _aDPL
_bHN
082 _a
_bनाराय
100 _aनारायण, आर.के.
_968192
245 _aमोह-भंग /
_cआर.के.नारायण; अनुवादक रमा तिवारी
246 _aMoh-bhang /
_bby R.K.Narayan; anuvadak Rama Tiwari
260 _aजयपुर
_bसहित्य चन्द्रिका प्रकाशन
_c2004
270 _a24, न्यू पिंकसिटी मार्केट, सिद्धेश्वर मन्दिर के पीछे, पंचवटी, राजापार्क
_bजयपुर
300 _a195पृ.
_c20सेमी(सजिल्द)
650 _aहिन्दी साहित्य
_968193
650 _aहिन्दी -- उपन्यास
_968194
650 _aHindi literature
_968195
650 _aHindi -- Fiction
_927248
700 _aतिवारी, रमा
_968196
942 _2ddc
_cHN
_h
_mनाराय
999 _c116762
_d116762